Normal view
MARC view
Entry Topical Term
001 - CONTROL NUMBER
- control field: 37556
003 - CONTROL NUMBER IDENTIFIER
- control field: OSt
005 - DATE AND TIME OF LATEST TRANSACTION
- control field: 20160210105723.0
008 - FIXED-LENGTH DATA ELEMENTS
- fixed length control field: 160210|| aca||aabn | a|a d
040 ## - CATALOGING SOURCE
- Original cataloging agency: OSt
- Transcribing agency: OSt
150 ## - HEADING--TOPICAL TERM
- Topical term or geographic name entry element: Religion
670 ## - SOURCE DATA FOUND
- Source citation: Work cat.: (OSt)28352: पाठक डा. शोभनाथ 37555, भगवान महावीर , 1984









